000 00703nam a2200205Ia 4500
005 20260121110348.0
008 008 260114s9999 xx 000 0 hin d
020 _a9788132349426
037 _aEBOOK
040 _aCRL
_bhin
_cCRL
041 _ahin
_2hin
084 _qCRL
100 _aराहुल झा / Vinod Pal
_9945237
245 0 _aशारीरिक शिक्षा के वैज्ञानिक सिद्धांत / Sharirik shiksha ke vaigyanik siddhant
260 _bभाषा प्रकाशन / Bhasha Prakashan
_c2020
856 _uhttps://bhashaprakashan.com/product-details/378194
942 _cEBOOK
999 _c1536901
_d1536901